كليوباترا

Saved in:

Main Author: Benjamin, Isaac.

Format: Book

Language: Undetermined

Published: Al-Qāhirah : dar alyas aleasria, 2007.

Series: قادة مصر الفرعونية

Subjects:

Tags: Add Tag

No Tags, Be the first to tag this record!

Call Number: DT92 .7 .M6712

LEADER 00589nam a2200169Ia 4500
008 240329s9999||||xx |||||||||||||| ||und||
020 |a 9789773042370 
050 4 |a DT92 .7 .M6712 
100 1 |a Benjamin, Isaac. 
245 1 0 |a كليوباترا  |c Benjamin, Isaac 
264 1 |a Al-Qāhirah :  |b dar alyas aleasria,  |c 2007. 
300 |a 97  |b color illustrations  |c 24 
490 0 |a قادة مصر الفرعونية 
650 |a كليوباترا، ملكة مصر، ت. 30 ق. م 
650 |a مصر القديمة تاريخ عصر البطالمة، 232-30 ق. م 
942 |2 lcc  |c BK 
999 |c 57846  |d 57846